书目信息 |
| 题名: |
现代乳品工程技术
|
|
| 作者: | 郭成宇 主编 | |
| 分册: | ||
| 出版信息: | 北京 化学工业出版社 2004 |
|
| 页数: | 320页 | |
| 开本: | 26cm | |
| 丛书名: | ||
| 单 册: | ||
| 中图分类: | TS252 | |
| 科图分类: | ||
| 主题词: | 乳品工业--工程技术 , 乳品工业 | |
| 电子资源: | ||
| ISBN: | 7-5025-5234-0 | |
| 000 | 00853nam0 2200241 450 | |
| 001 | 012007439434 | |
| 005 | 20070522163854.82 | |
| 010 | @a7-5025-5234-0@dCNY48.00 | |
| 100 | @a20070515d2004 km y0chiy0120 ea | |
| 101 | 0 | @achi |
| 102 | @aCN@b110000 | |
| 105 | @aa z 000yy | |
| 106 | @ar | |
| 200 | 1 | @a现代乳品工程技术@Axian dai ru pin gong cheng ji shu@f郭成宇主编@Fguo cheng yu zhu bian |
| 210 | @a北京@c化学工业出版社@d2004 | |
| 215 | @a320页@c图@d26cm | |
| 330 | @a本书主要介绍牛乳基础理论、牛乳预处理、巴氏杀菌乳、超高温灭菌乳、浓缩技术、干燥技术、无菌包装技术及良好的就地清洗(CIP)等,还介绍了国外知名企业的乳品生产工艺及设备和最新杀菌技术在乳制品中的应用等。 | |
| 606 | 0 | @a乳品工业@x工程技术 |
| 606 | 0 | @a乳品工业 |
| 690 | @aTS252@v4 | |
| 701 | 0 | @a郭成宇@Aguo cheng yu@4主编 |
| 801 | 0 | @aCN@bRULIN@c20070522 |
| 905 | @dTS252@e79@s10 | |
| 现代乳品工程技术/郭成宇主编.-北京:化学工业出版社,2004 |
| 320页:图;26cm |
| ISBN 7-5025-5234-0:CNY48.00 |
| 本书主要介绍牛乳基础理论、牛乳预处理、巴氏杀菌乳、超高温灭菌乳、浓缩技术、干燥技术、无菌包装技术及良好的就地清洗(CIP)等,还介绍了国外知名企业的乳品生产工艺及设备和最新杀菌技术在乳制品中的应用等。 |
| ● |
| 相关链接 |
|
|
|
|
正题名:现代乳品工程技术
索取号:TS252/79
 
预约/预借
| 序号 | 登录号 | 条形码 | 馆藏地/架位号 | 状态 | 备注 |
| 1 | 0579247 | 205792472 | 第二样本阅览室/ [索取号:TS252/79] | 在馆 | |
| 2 | 0579248 | 205792481 | 第三借阅区/ [索取号:TS252/79] | 在馆 | |
| 3 | 0579249 | 205792490 | 第三借阅区/ [索取号:TS252/79] | 在馆 | |
| 4 | 0579250 | 205792506 | 第三借阅区/ [索取号:TS252/79] | 在馆 | |
| 5 | 0579251 | 205792515 | 第三借阅区/ [索取号:TS252/79] | 在馆 | |
| 6 | 0579252 | 205792524 | 第三借阅区/ [索取号:TS252/79] | 在馆 | |
| 7 | 0579253 | 205792533 | 第三借阅区/ [索取号:TS252/79] | 在馆 | |
| 8 | 0579254 | 205792542 | 第三借阅区/ [索取号:TS252/79] | 在馆 | |
| 9 | 0579255 | 205792551 | 第三借阅区/ [索取号:TS252/79] | 在馆 | |
| 10 | 0579256 | 205792560 | 第三借阅区/ [索取号:TS252/79] | 在馆 |